|
|
|
|
| LEADER |
00000nab a2200000 a 4500 |
| 001 |
vtls009337959 |
| 003 |
SK-MaSNL |
| 005 |
20260304154438.0 |
| 008 |
250507c2008 xo ||||||o| ||00 a|slo |
| 015 |
|
|
|a SNBRB2008/09
|2 snkbucl
|
| 035 |
|
|
|a (sysno)vtls009337959
|
| 035 |
|
|
|a urn:nbn:sk:snk-ab72un
|
| 035 |
|
|
|a (uuid)dd389621-819f-4da2-954f-fe9dac5bfd3f
|
| 035 |
|
|
|a (urnnbn)urn:nbn:sk:snk:ar-a06qxx
|
| 038 |
|
|
|a SNKBUCL
|
| 040 |
|
|
|a SNKBUCL
|b slo
|c SNKBUCL
|e AACR2
|
| 041 |
0 |
|
|a eng
|
| 044 |
|
|
|a xo
|c SK
|
| 080 |
|
|
|a 811.411.21`36
|x (048)
|2 1997
|
| 080 |
|
|
|a 81`36:811.411.21
|x (048)
|2 1997
|
| 080 |
|
|
|a 165.742
|x (048)
|2 1997
|
| 100 |
1 |
|
|a Drozdík, Ladislav,
|d 1930-2017
|4 aut
|9 224887
|
| 245 |
1 |
0 |
|a Edzard, Lutz and Watson, Janet (eds.): Grammar as a Window onto Arabic Humanism. A collection of articles in honour of Michael G. Carter ...
|c Ladislav Drozdík
|
| 600 |
1 |
7 |
|a Carter, Michael G.
|2 snkbucl
|9 1479127
|
| 650 |
0 |
7 |
|a arabský humanizmus
|2 snkbucl
|9 1479128
|
| 650 |
0 |
7 |
|a arabčina
|2 snkbucl
|9 1652
|
| 650 |
0 |
7 |
|a gramatika
|2 snkbucl
|9 865
|
| 655 |
|
7 |
|a recenzie
|2 snkbucl
|9 21907
|
| 655 |
|
7 |
|a zborníky konferencií
|2 snkbucl
|9 70153
|
| 773 |
0 |
|
|t Asian and African studies
|g Vol. 17, no. 1 (2008), p. 128-131
|x 1335-1257
|
| 787 |
0 |
8 |
|i Rec.:
|a Edzard, Lutz (ed.)
|t Grammar as a window onto Arabic humanism
|d Wiesbaden : Harrassowitz Verlag, 2006
|z 3447054441
|
| 787 |
0 |
8 |
|i Rec.:
|a Watson, Janet (ed.)
|t Grammar as a window onto Arabic humanism
|d Wiesbaden : Harrassowitz Verlag, 2006
|z 3447054441
|
| 850 |
|
|
|a Slovenská národná knižnica
|
| 852 |
|
|
|a Slovenská národná knižnica
|
| 958 |
|
|
|a article27
|
| 958 |
|
|
|a RC
|
| 958 |
|
|
|a OND
|
| 958 |
|
|
|a EUIPO
|
| 999 |
|
|
|c 2957720
|d 2959650
|